Normal view
MARC view
- MICROWAVE INTEGRATED CIRCUIT-DESIGN AND CONSTRUCTION MMIC
Entry Topical Term
001 - CONTROL NUMBER
- control field: 58202
003 - CONTROL NUMBER IDENTIFIER
- control field: NUST
005 - DATE AND TIME OF LATEST TRANSACTION
- control field: 20210628202100.0
008 - FIXED-LENGTH DATA ELEMENTS
- fixed length control field: 210628|| aca||aabn | a|a d
040 ## - CATALOGING SOURCE
- Original cataloging agency: NUST
- Transcribing agency: NUST
150 ## - HEADING--TOPICAL TERM
- Topical term or geographic name entry element: MICROWAVE INTEGRATED CIRCUIT-DESIGN AND CONSTRUCTION MMIC
670 ## - SOURCE DATA FOUND
- Source citation: Work cat.: (NUST): Robertson, I.D Lucyszyn.S 58201, Rfic and mmic design and technology, 2001
